[Event "Titled Tuesday intern op 21st Jan Late"]
[Site "Chess.com INT"]
[Date "2025.01.21"]
[Round "6"]
[White "Espinoza Solano, Jose Nahum"]
[Black "Adewumi, Tanitoluwa"]
[Result "0-1"]
[WhiteElo "2154"]
[BlackElo "2352"]
[PlyCount "50"]
[EventDate "2025.01.21"]
[EventType "swiss (blitz)"]
[EventRounds "11"]
[EventCountry "USA"]
[SourceTitle "CB05_2025"]
[SourceDate "2025.01.29"]
[SourceVersion "1"]
[SourceVersionDate "2025.01.29"]
[SourceQuality "1"]

1. e4 c5 2. Nf3 Nc6 3. d4 cxd4 4. Nxd4 Nf6 5. Nc3 e6 6. Ndb5 d6 7. Bf4 e5 8. Bg5 a6 9. Bxf6 gxf6 10. Na3 b5 11. Nd5 f5 12. Bxb5 axb5 13. Nxb5 Ra4 14. Nbc7+ Kd7 15. c4 Ra7 16. Nb5 Qa5+ 17. Kf1 Ba6 18. Qh5 Bxb5 19. Qxf7+ Be7 20. Qxf5+ Kd8 21. cxb5 Qxb5+ 22. Kg1 Rf8 23. Qxh7 Qxb2 24. Rf1 Rxa2 25. Nxe7 Qxf2+ 0-1

[Event "Olympiad-45"]
[Site "Budapest"]
[Date "2024.09.19"]
[Round "8.1"]
[White "Giasi, Viresh"]
[Black "Espinoza Solano, Jose Nahum"]
[Result "0-1"]
[WhiteElo "1998"]
[BlackElo "2156"]
[PlyCount "144"]
[EventDate "2024.09.11"]
[EventType "team-swiss"]
[EventRounds "11"]
[EventCountry "HUN"]
[SourceTitle "EXT 2025"]
[Source "ChessBase"]
[SourceDate "2024.10.14"]
[SourceVersion "1"]
[SourceVersionDate "2024.10.14"]
[SourceQuality "1"]
[WhiteTeam "Suriname"]
[BlackTeam "Nicaragua"]
[WhiteTeamCountry "SUR"]
[BlackTeamCountry "NCA"]

1. e4 e5 2. Nf3 Nc6 3. Bb5 a6 4. Ba4 d6 5. h3 Bd7 6. c3 g6 7. d3 Bg7 8. Bg5 Nge7 9. Bxc6 Bxc6 10. c4 h6 11. Bxe7 Qxe7 12. Nc3 0-0 13. Qe2 Bd7 14. g4 c6 15. Nd2 b5 16. h4 Rab8 17. b3 Be6 18. h5 f5 19. gxf5 gxf5 20. a3 fxe4 21. dxe4 bxc4 22. bxc4 Qf7 23. Rg1 Qa7 24. Rg3 Qd4 25. Rc1 Rf4 26. Nd1 Rh4 27. Qe3 Qxe3+ 28. Nxe3 Rxh5 29. Ke2 Kf7 30. c5 d5 31. exd5 cxd5 32. c6 e4 33. Rg2 Rg5 34. Rxg5 hxg5 35. f3 exf3+ 36. Nxf3 Bf6 37. c7 Rc8 38. Kd3 Ke7 39. Nd4 Bxd4 40. Kxd4 Kd6 41. Rg1 g4 42. Rh1 Kxc7 43. Nxd5+ Bxd5 44. Kxd5 Rg8 45. Rg1 g3 46. Rg2 Kb6 47. Kc4 Ka5 48. Kb3 Rg4 49. Kc2 Kb5 50. Kb3 Kc5 51. Kc3 Kd5 52. Kd3 Ra4 53. Ra2 Rg4 54. Rg2 Rg6 55. a4 Rg4 56. Rg1 g2 57. a5 Kc5 58. Ke3 Kb5 59. Kf2 Kxa5 60. Ra1+ Kb4 61. Kg1 a5 62. Rb1+ Kc3 63. Re1 a4 64. Re3+ Kb4 65. Re8 Rg3 66. Re4+ Kb3 67. Re8 a3 68. Rb8+ Kc2 69. Ra8 Kb2 70. Rb8+ Rb3 71. Re8 a2 72. Kxg2 a1Q 0-1

[Event "Olympiad-45"]
[Site "Budapest"]
[Date "2024.09.13"]
[Round "3.38"]
[White "Meier, Georg"]
[Black "Espinoza Solano, Jose Nahum"]
[Result "1-0"]
[WhiteElo "2591"]
[BlackElo "2156"]
[PlyCount "99"]
[EventDate "2024.09.11"]
[EventType "team-swiss"]
[EventRounds "11"]
[EventCountry "HUN"]
[SourceTitle "EXT 2025"]
[Source "ChessBase"]
[SourceDate "2024.10.14"]
[SourceVersion "1"]
[SourceVersionDate "2024.10.14"]
[SourceQuality "1"]
[WhiteTeam "Uruguay"]
[BlackTeam "Nicaragua"]
[WhiteTeamCountry "URU"]
[BlackTeamCountry "NCA"]

1. Nf3 Nf6 2. g3 g6 3. Bg2 Bg7 4. 0-0 0-0 5. d4 d5 6. c3 c6 7. Nbd2 Bf5 8. Nh4 Ne4 9. Nxe4 Bxe4 10. f3 Bf5 11. Nxf5 gxf5 12. e4 fxe4 13. fxe4 e6 14. Qg4 Kh8 15. Bg5 f6 16. Bh4 Qd6 17. Rae1 dxe4 18. Qxe4 e5 19. Qf5 Qd7 20. Qh5 Qe8 21. Qxe8 Rxe8 22. dxe5 fxe5 23. Rf7 Na6 24. Rxb7 Nc5 25. Rc7 e4 26. Rxc6 Nd3 27. Re2 Rab8 28. b3 Nc1 29. Rc2 Nd3 30. Bg5 e3 31. Re2 Nc1 32. Rxe3 Rxe3 33. Bxe3 Nxa2 34. Bxa7 Rd8 35. b4 Nxc3 36. Bf1 Ra8 37. Be3 Nd5 38. Bc5 h5 39. Ra6 Rc8 40. Bg2 Nc3 41. Ra8 Rxa8 42. Bxa8 h4 43. Bc6 hxg3 44. hxg3 Be5 45. Kf2 Kg8 46. g4 Kf7 47. Ke3 Ke6 48. Bd4 Nd1+ 49. Kd3 Nb2+ 50. Ke4 1-0

[Event "Olympiad-45"]
[Site "Budapest"]
[Date "2024.09.11"]
[Round "1.14"]
[White "Bacrot, Etienne"]
[Black "Espinoza Solano, Jose Nahum"]
[Result "1-0"]
[WhiteElo "2665"]
[BlackElo "2156"]
[PlyCount "115"]
[EventDate "2024.09.11"]
[EventType "team-swiss"]
[EventRounds "11"]
[EventCountry "HUN"]
[SourceTitle "EXT 2025"]
[Source "ChessBase"]
[SourceDate "2024.10.14"]
[SourceVersion "1"]
[SourceVersionDate "2024.10.14"]
[SourceQuality "1"]
[WhiteTeam "France"]
[BlackTeam "Nicaragua"]
[WhiteTeamCountry "FRA"]
[BlackTeamCountry "NCA"]

1. e4 e5 2. Nf3 Nc6 3. Bb5 d6 4. d4 Bd7 5. Nc3 exd4 6. Nxd4 Nf6 7. 0-0 Be7 8. Bxc6 bxc6 9. b3 0-0 10. Bb2 Re8 11. Qd3 c5 12. Nde2 Bf8 13. Nf4 Bc6 14. Ncd5 Nxe4 15. Rfe1 Bxd5 16. Nxd5 c6 17. Rxe4 cxd5 18. Rxe8 Qxe8 19. Qxd5 Rd8 20. Qd3 d5 21. Bc3 Qe4 22. Re1 Qxd3 23. cxd3 Bd6 24. Kf1 Kf8 25. h3 f6 26. Ba5 Re8 27. Rc1 Ke7 28. d4 Rc8 29. dxc5 Rxc5 30. Bd2 Rxc1+ 31. Bxc1 Kd7 32. Ke2 a6 33. Kd3 Kc6 34. Bb2 Bc5 35. f4 Bd6 36. f5 Bc5 37. g4 Bd6 38. Ke3 Kb5 39. g5 Be7 40. Kd3 Kc6 41. gxf6 gxf6 42. a4 Kd7 43. Bd4 Kc6 44. Bc3 Bd8 45. Bd4 Be7 46. Ke2 Kd7 47. Kf3 Kd8 48. Kg4 Ke8 49. Bc3 Bd8 50. b4 Kd7 51. Kh5 d4 52. Bxd4 Kd6 53. Kh6 Kd5 54. Kxh7 Kxd4 55. h4 Kc4 56. h5 Bb6 57. h6 Be3 58. b5 1-0

[Event "Iberoamerican-ch 9th"]
[Site "Panama City"]
[Date "2023.12.01"]
[Round "8"]
[White "Espinoza Solano, Jose Nahum"]
[Black "Mata Tencio, Randall"]
[Result "1-0"]
[WhiteElo "2183"]
[BlackElo "1902"]
[PlyCount "63"]
[EventDate "2023.11.25"]
[EventType "swiss"]
[EventRounds "9"]
[EventCountry "PAN"]
[SourceTitle "EXT 2025"]
[Source "ChessBase"]
[SourceDate "2024.10.14"]
[SourceVersion "1"]
[SourceVersionDate "2024.10.14"]
[SourceQuality "1"]

1. e4 c5 2. Nf3 Nc6 3. d4 cxd4 4. Nxd4 g6 5. Nc3 Bg7 6. Be3 Nf6 7. Bc4 0-0 8. Bb3 d6 9. f3 Bd7 10. Qd2 Rc8 11. g4 Nxd4 12. Bxd4 b5 13. h4 a5 14. a4 e5 15. Be3 b4 16. Nd5 Nxd5 17. Bxd5 Qc7 18. Rh2 Be6 19. h5 Bxd5 20. Qxd5 Rfd8 21. hxg6 hxg6 22. Rd1 Bf6 23. g5 Bg7 24. Qb3 Ra8 25. Rd5 Ra6 26. Kd1 Rc6 27. Kc1 Rc8 28. Kb1 Bf8 29. f4 exf4 30. Bd4 Bg7 31. Bxg7 Kxg7 32. Qh3 1-0

[Event "Iberoamerican-ch 9th"]
[Site "Panama City"]
[Date "2023.11.30"]
[Round "7"]
[White "Lobo Vasquez, Antonio"]
[Black "Espinoza Solano, Jose Nahum"]
[Result "0-1"]
[WhiteElo "1725"]
[BlackElo "2183"]
[PlyCount "82"]
[EventDate "2023.11.25"]
[EventType "swiss"]
[EventRounds "9"]
[EventCountry "PAN"]
[SourceTitle "CBM 217 Extra"]
[Source "ChessBase"]
[SourceDate "2024.01.31"]
[SourceVersion "1"]
[SourceVersionDate "2024.01.31"]
[SourceQuality "1"]

1. Nf3 Nf6 2. d4 g6 3. Bf4 Bg7 4. e3 d6 5. Bd3 0-0 6. 0-0 Nbd7 7. Bg3 Qe8 8. c3 e5 9. dxe5 dxe5 10. Bc4 Ne4 11. Nbd2 Nxg3 12. hxg3 e4 13. Ng5 Nf6 14. Qb3 Bh6 15. Nxf7 Rxf7 16. Rae1 Kg7 17. Bxf7 Qxf7 18. Qxf7+ Kxf7 19. f3 exf3 20. Nxf3 Ke7 21. e4 Be6 22. b3 Ng4 23. Nd4 Rd8 24. Nf5+ gxf5 25. exf5 Be3+ 26. Kh1 Rd5 27. Rf3 Rxf5 28. Rfxe3 Nxe3 29. Rxe3 Rf2 30. a4 Kd6 31. c4 a5 32. Kh2 h5 33. Kg1 Rb2 34. Kh2 b6 35. Rd3+ Kc5 36. Re3 Bg4 37. Re5+ Kb4 38. Rb5+ Ka3 39. c5 Rxb3 40. cxb6 cxb6 41. Rxb3+ Kxb3 0-1

[Event "Managua Hurtado Memorial 22nd"]
[Site "Managua"]
[Date "2022.12.30"]
[Round "9"]
[White "Picado, Jorge Luis"]
[Black "Espinoza Solano, Jose Nahum"]
[Result "1-0"]
[WhiteElo "2074"]
[BlackElo "2152"]
[PlyCount "49"]
[EventDate "2022.12.26"]
[EventType "swiss"]
[EventRounds "9"]
[EventCountry "NCA"]
[SourceTitle "CBM 212 Extra"]
[Source "ChessBase"]
[SourceDate "2023.03.31"]
[SourceVersion "1"]
[SourceVersionDate "2023.03.31"]
[SourceQuality "1"]

1. d4 Nf6 2. c4 g6 3. Nc3 Bg7 4. e4 d6 5. f3 0-0 6. Be3 c6 7. Qd2 a6 8. g4 b5 9. h4 h5 10. g5 Nfd7 11. f4 e5 12. dxe5 dxe5 13. f5 b4 14. Nce2 Re8 15. 0-0-0 Qa5 16. Kb1 Nc5 17. Ng3 Nb7 18. Nf3 c5 19. Bh3 Qc7 20. Qf2 Bf8 21. Nh2 Nc6 22. Nxh5 gxh5 23. Qf3 Nd4 24. Qxh5 Nd6 25. Ng4 1-0

[Event "Managua Hurtado Memorial 22nd"]
[Site "Managua"]
[Date "2022.12.27"]
[Round "2"]
[White "Vanegas Lopez, Natanael Emanuel"]
[Black "Espinoza Solano, Jose Nahum"]
[Result "1/2-1/2"]
[WhiteElo "1909"]
[BlackElo "2152"]
[PlyCount "125"]
[EventDate "2022.12.26"]
[EventType "swiss"]
[EventRounds "9"]
[EventCountry "NCA"]
[SourceTitle "CBM 212 Extra"]
[Source "ChessBase"]
[SourceDate "2023.03.31"]
[SourceVersion "1"]
[SourceVersionDate "2023.03.31"]
[SourceQuality "1"]

1. d4 Nf6 2. c4 g6 3. Nc3 Bg7 4. e4 d6 5. Nf3 0-0 6. Be2 e5 7. dxe5 dxe5 8. Qxd8 Rxd8 9. Bg5 Re8 10. Nd5 Nxd5 11. cxd5 c6 12. Bc4 cxd5 13. Bxd5 Nc6 14. 0-0-0 Bg4 15. Kb1 Rac8 16. h3 Be6 17. Bxe6 Rxe6 18. Rd7 f5 19. Be3 f4 20. Bc5 b6 21. Ba3 h6 22. Rc1 Bf6 23. b3 g5 24. Nd2 b5 25. Bc5 Rd8 26. Rxd8+ Bxd8 27. Nf3 Kf7 28. Rd1 Ke8 29. Rd5 a6 30. Bd6 Bf6 31. a4 bxa4 32. bxa4 h5 33. Ne1 Be7 34. Bc7 g4 35. hxg4 hxg4 36. Nd3 Bf6 37. Bd6 Bg7 38. Nc5 Rh6 39. Nxa6 Rh1+ 40. Kb2 Rh2 41. Nb4 Nxb4 42. Bxb4 Rxg2 43. a5 Rxf2+ 44. Kb3 Rh2 45. a6 Rh8 46. a7 Kf7 47. Rd7+ Kg6 48. Rb7 Ra8 49. Bc5 g3 50. Rb8 Rxa7 51. Bxa7 f3 52. Kc2 f2 53. Rb1 Kg5 54. Kd2 Kf4 55. Ke2 Kxe4 56. Rb4+ Kf5 57. Rb8 Bh6 58. Rg8 Bf4 59. Bb6 Bg5 60. Kf1 Bf4 61. Kg2 Ke4 62. Bxf2 gxf2 63. Kxf2 1/2-1/2

[Event "NCA-ch final"]
[Site "Managua"]
[Date "2022.03.13"]
[Round "10"]
[White "Espinoza Solano, Jose Nahum"]
[Black "Espinoza, Felix"]
[Result "1-0"]
[WhiteElo "2071"]
[BlackElo "2138"]
[PlyCount "61"]
[EventDate "2022.03.05"]
[EventType "tourn"]
[EventRounds "11"]
[EventCountry "NCA"]
[SourceTitle "EXT 2023"]
[Source "ChessBase"]
[SourceDate "2022.10.05"]
[SourceVersion "1"]
[SourceVersionDate "2022.10.05"]
[SourceQuality "1"]

1. e4 c5 2. Nf3 d6 3. d4 cxd4 4. Nxd4 Nf6 5. Nc3 a6 6. Be2 e5 7. Nb3 Be7 8. Be3 0-0 9. g4 Be6 10. g5 Ne8 11. Qd2 Nc6 12. h4 Rc8 13. Nd5 f5 14. gxf6 Nxf6 15. Nxf6+ Bxf6 16. 0-0-0 Bxb3 17. axb3 Qa5 18. Bc4+ Kh8 19. Qxa5 Nxa5 20. Be6 Rc6 21. Bd5 Rcc8 22. Bb6 Nc6 23. Be6 Rce8 24. Bd7 Re7 25. Bxc6 bxc6 26. Rxd6 Rc8 27. Rhd1 h6 28. Bd8 Rf7 29. Bxf6 gxf6 30. Re6 Kg7 31. Rdd6 1-0

[Event "NCA-ch final"]
[Site "Managua"]
[Date "2022.03.06"]
[Round "2"]
[White "Alfaro Caracas, William"]
[Black "Espinoza Solano, Jose Nahum"]
[Result "1-0"]
[WhiteElo "2112"]
[BlackElo "2071"]
[PlyCount "111"]
[EventDate "2022.03.05"]
[EventType "tourn"]
[EventRounds "11"]
[EventCountry "NCA"]
[SourceTitle "EXT 2023"]
[Source "ChessBase"]
[SourceDate "2022.10.05"]
[SourceVersion "1"]
[SourceVersionDate "2022.10.05"]
[SourceQuality "1"]

1. d4 Nf6 2. Nf3 d6 3. c4 g6 4. g3 Bg7 5. Bg2 0-0 6. Nc3 Nc6 7. 0-0 e5 8. dxe5 Nxe5 9. Nxe5 dxe5 10. Qxd8 Rxd8 11. Bg5 Rd4 12. Be3 Rxc4 13. Rfd1 Be6 14. Bxb7 Rb8 15. Ba6 Rc6 16. Bb5 Rd6 17. Bxa7 Rbd8 18. a4 Ne4 19. Rxd6 Nxd6 20. Bc6 Bc4 21. e4 f5 22. a5 Ba6 23. b4 Bb7 24. Bxb7 Nxb7 25. a6 Nd6 26. Be3 Bf8 27. a7 Ra8 28. Nd5 Nb5 29. Ra5 f4 30. gxf4 exf4 31. Nxf4 c6 32. Nd5 Bd6 33. Rxb5 cxb5 34. f4 Kf7 35. Kf2 g5 36. f5 Bxh2 37. Nc3 Bf4 38. Bd4 Ke7 39. Nd5+ Kf7 40. Nxf4 gxf4 41. Kf3 h5 42. e5 h4 43. e6+ Ke7 44. Kxf4 h3 45. Kg3 Kd6 46. Kxh3 Kd5 47. Bb6 Ke5 48. Kg4 Rg8+ 49. Kf3 Ra8 50. e7 Kf6 51. Ke4 Kxe7 52. Kd5 Kd7 53. f6 Rc8 54. Bc5 Ke8 55. Ke6 Rc6+ 56. Bd6 1-0

[Event "NCA-chT final"]
[Site "Managua"]
[Date "2021.10.31"]
[Round "8.2"]
[White "Simplina, Amor"]
[Black "Espinoza Solano, Jose Nahum"]
[Result "0-1"]
[WhiteElo "2063"]
[BlackElo "2151"]
[PlyCount "78"]
[EventDate "2021.10.16"]
[EventType "team-tourn"]
[EventRounds "11"]
[EventCountry "NCA"]
[SourceTitle "EXT 2023"]
[Source "ChessBase"]
[SourceDate "2022.10.05"]
[SourceVersion "1"]
[SourceVersionDate "2022.10.05"]
[SourceQuality "1"]
[WhiteTeam "Clemente Guido"]
[BlackTeam "Alcaldia de Managua"]
[WhiteTeamCountry "NCA"]
[BlackTeamCountry "NCA"]

1. e4 e5 2. Nf3 Nc6 3. d4 exd4 4. Bc4 Nf6 5. e5 d5 6. Bb5 Ne4 7. Nxd4 Bc5 8. Be3 0-0 9. Bxc6 bxc6 10. 0-0 Bxd4 11. Qxd4 c5 12. Qd3 c4 13. Qa3 Re8 14. f3 Ng5 15. Nd2 Bf5 16. Bxg5 Qxg5 17. f4 Qe7 18. Qc3 Rab8 19. b3 cxb3 20. axb3 c5 21. Ra5 Rec8 22. h3 d4 23. Qc4 Rb4 24. Qa6 Rb6 25. Qc4 Rc7 26. Ra2 Rg6 27. Rf3 Qh4 28. Kh2 h6 29. c3 Bg4 30. Qd5 Bxf3 31. Qxf3 dxc3 32. Ne4 c4 33. b4 Rd7 34. g3 Qd8 35. Qxc3 Rd4 36. Re2 Qd5 37. Nf2 Re6 38. Qe3 Rb6 39. f5 Kf8 0-1

[Event "World Cup U18 Prel"]
[Site "Tornelo INT"]
[Date "2021.08.16"]
[Round "1"]
[White "Espinoza Solano, Jose Nahum"]
[Black "Alvarez Mejia, Yeremy Melvin"]
[Result "1-0"]
[WhiteElo "2151"]
[BlackElo "1275"]
[PlyCount "71"]
[EventDate "2021.08.16"]
[EventType "swiss (rapid)"]
[EventRounds "10"]
[EventCountry "NET"]
[SourceTitle "CBM 203 Extra"]
[Source "ChessBase"]
[SourceDate "2021.09.30"]
[SourceVersion "1"]
[SourceVersionDate "2021.09.30"]
[SourceQuality "1"]

1. e4 c6 2. d4 d5 3. exd5 cxd5 4. c4 dxc4 5. Bxc4 Nf6 6. Nc3 e6 7. Nf3 Be7 8. 0-0 0-0 9. Re1 Nbd7 10. Bg5 Nb6 11. Bd3 Nfd5 12. Bxe7 Qxe7 13. Ne5 Qb4 14. Ne4 Nd7 15. Qh5 Nxe5 16. dxe5 g6 17. Qh6 f5 18. exf6 Nxf6 19. Nxf6+ Rxf6 20. Re4 Qf8 21. Qe3 Bd7 22. Bc4 Re8 23. Re1 a6 24. h4 b5 25. Bb3 Qd6 26. h5 Kg7 27. Qc3 Kf7 28. Qe3 gxh5 29. Re5 Qf8 30. Rxh5 Kg8 31. Re5 Re7 32. Qh3 Rg7 33. Bxe6+ Bxe6 34. Rxe6 Rxf2 35. Re8 Rf1+ 36. Kh2 1-0